000
00186 a2200097 4500
020
_a
9780399157868
041
_a
eng
100
_a
Grafton, Sue
245
_a
V Is For Vengeance
942
_c
BK
999
_c
7616
_d
7616